Länder, die die meisten Bananen produzieren - Statistiken

Allgemein
  • Dieses Quiz wurde 188 mal gespielt
  • Das Durchschnittsergebnis liegt bei 7 aus 14
Antwortstatistiken
Tonnes Land % Korrekt
6.76 milion Brasilien
94%
13.3 million China
81%
2.04 milion Kolumbien
77%
29.1 millon Indien
75%
2.38 milion Mexiko
71%
7.01 million Indonesien
70%
6.53 milion Ecuador
55%
1.94 milion Vietnam
53%
2.41 milion Costa Rica
51%
5.83 milion Philippinen
42%
3.78 milion Guatemala
40%
3.86 milion Angola
19%
3.56 milion Tansania
19%
3.04 milion Ruanda
1%
Keine übereinstimmenden Quizze gefunden
Verteilung der Resultate
Anzahl Personen mit jedem Resultat
Perzentil nach korrekt beantworteten Fragen
Ihre Resultats-Entwicklung
Sie haben dieses Quiz noch nicht gespielt